Fermate delle metro di Parigi (dalla 1 alla 14 escluso RER e TER) - Statistics

Statistiche generali
  • Questo quiz è stato fatto 5 volte
  • Il punteggio medio è 38 su 405
Statistiche sulle risposte
Ligne de Métro Réponse % Corretto
1 | 4 | 7 | +2 others Châtelet
60%
4 | 10 Odéon
60%
3 | 12 | 13 | 14 Saint-Lazare
60%
2 | 6 Charles de Gaulle - Étoile
40%
1 | 8 | 12 Concorde
40%
1 George V
40%
1 La Défense
40%
1 Louvre - Rivoli
40%
2 Place de Clichy
40%
4 Saint-Michel
40%
12 Abbesses
20%
2 Alexandre Dumas
20%
2 Anvers
20%
1 Argentine
20%
10 Avenue Émile-Zola
20%
8 Balard
20%
2 | 4 Barbès - Rochechouart
20%
1 | 5 | 8 Bastille
20%
14 Bercy
20%
6 Bir-Hakeim
20%
2 Blanche
20%
8 | 9 Bonne Nouvelle
20%
8 Boucicaut
20%
10 Boulogne - Jean Jaurès
20%
3 Bourse
20%
6 Cambronne
20%
1 Charles de Gaulle - Étoile
20%
10 Charles Michels
20%
4 Château d'Eau
20%
1 Château de Vincennes
20%
4 Cité
20%
8 Commerce
20%
2 Courcelles
20%
8 Créteil - Université
20%
4 | 6 Denfert-Rochereau
20%
6 Dupleix
20%
8 École Militaire
20%
3 Europe
20%
8 Félix Faure
20%
8 Filles du Calvaire
20%
1 | 9 Franklin D. Roosevelt
20%
13 Gabirel Péri
20%
3 Gallieni
20%
3 | 3bis Gambetta
20%
5 | 10 Gare d'Austerliz
20%
4 | 5 | 7 Gare de l'Est
20%
1 | 14 Gare de Lyon
20%
4 | 5 Gare du Nord
20%
8 | 9 Grands Boulevards
20%
3 | 9 Havre - Caumartin
20%
1 | 11 Hôtel de Ville
20%
8 | 13 Invalides
20%
2 | 5 | 7bis Jaurès
20%
2 La Chapelle
20%
13 La Fourche
20%
6 | 8 La Motte-Picquet - Grenelle
20%
10 La Motte-Picquet - Grenelle
20%
8 La Tour-Maubourg
20%
4 Les Halles
20%
1 Les Sablons
20%
13 Liège
20%
7 | 7bis Louis Blanc
20%
3 Louise Michel
20%
8 Lourmel
20%
10 Mabillon
20%
8 | 12 | 14 Madeleine
20%
13 Mairie de Clichy
20%
3 Malesherbes
20%
10 Maubert - Mutualité
20%
4 Montparnasse - Bienvenüe
20%
6 | 12 | 13 Montparnasse - Bienvenüe
20%
1 | 2 | 6 | 9 Nation
20%
12 Notre-Dame-de-Lorette
20%
12 Notre-Dame-des-Champs
20%
3 | 7 | 8 Opéra
20%
6 Passy
20%
2 | 3 Père Lachaise
20%
2 | 12 Pigalle
20%
5 | 6 | 7 Place d'Italie
20%
7 Pont Marie
20%
7 Pont Neuf
20%
2 Porte Dauphine
20%
3 Porte de Champerret
20%
4 Porte de Clignancourt
20%
5 Porte de Pantin
20%
1 Porte Maillot
20%
3 Quatre-Septembre
20%
12 Rennes
20%
3 | 5 | 8 | +2 others République
20%
8 | 9 Richelieu - Drouot
20%
7 Riquet
20%
2 Rome
20%
9 Rue dela Pompe
20%
4 Saint-Germain-des-Prés
20%
10 | 12 Sèvres - Babylone
20%
2 | 5 | 7 Stalingrad
20%
3 Temple
20%
2 Ternes
20%
6 | 9 Trocadéro
20%
1 Tuileries
20%
2 Victor Hugo
20%
2 | 3 Villiers
20%
3 Wagram
20%
14 Aéroport d'Orly
0%
12 Aimé Césaire
0%
4 Alésia
0%
9 Alma - Marceau
0%
3 Anatole France
0%
3 Arts e Métiers
0%
11 Arts et Métiers
0%
12 Assemblée Nationale
0%
7 Aubervilliers - Pantin - Quatre Chemins
0%
2 Avron
0%
4 Bagneaux - Lucie Aubrac
0%
4 Barbara
0%
13 Basilique de Saint-Denis
0%
6 Becry
0%
6 Bel-Air
0%
2 | 11 Belleville
0%
1 Bérault
0%
14 Bibliothèque François Mitterand
0%
9 Billancourt
0%
5 Bobigny - Pablo Picasso
0%
5 Bobigny - Pantin - Raymond Queneau
0%
6 Boissière
0%
7bis Bolivar
0%
7bis Botzaris
0%
10 Boulogne - Pont de Saint-Cloud
0%
5 Bréguet - Sabin
0%
13 Bronchant
0%
7bis Buttes Chaumont
0%
9 Buzenval
0%
7 Cadet
0%
5 Campo-Formio
0%
10 Cardinal Lemoine
0%
13 Carrefour Pleyel
0%
7 Censier - Daubenton
0%
1 | 13 Champs-Élysées - Clémenceau
0%
10 Chardon Lagache
0%
8 Charenton - Écoles
0%
9 Charonne
0%
7 Château-Landon
0%
4 Château Rouge
0%
13 Châtillon - Montrouge
0%
7 | 9 Chausée d'Antin - La Fayette
0%
8 Chemin Vert
0%
6 Chevaleret
0%
14 Chevilly-Larue
0%
2 Colonel Fabien
0%
12 Convention
0%
7 Corentin Cariou
0%
12 Corentin Celton
0%
6 Corvisart
0%
11 Coteaux Beauclair
0%
2 Couronnes
0%
14 Cour Saint-Émilion
0%
8 Créteil - L'Échat
0%
8 Créteil - Préfecture
0%
7 Crimée
0%
9 Croix de Chavaux
0%
10 Cuny - La Sorbonne
0%
7bis Danube
0%
6 | 8 Dausmenil
0%
6 Dugommier
0%
10 | 13 Duroc
0%
8 École Vétérinaire de Maisons-Alfort
0%
6 Edgard Quinet
0%
10 Église d'Auteuil
0%
5 Église de Pantin
0%
1 Esplanade de La Défense
0%
4 Étienne Marcel
0%
9 Exelmans
0%
8 Faidherbe - Chaligny
0%
12 Falguière
0%
7 Fort d'Aubervilliers
0%
12 Front Populaire
0%
13 Gaîté
0%
13 Garibaldi
0%
6 Glacière
0%
11 Goncourt
0%
13 Guy Môquet
0%
5 Hoche
0%
14 Hôpital Bicêtre
0%
9 Iéna
0%
5 Jacques Bonsergent
0%
9 Jasmin
0%
10 Javel - André Citroën
0%
11 Jourdain
0%
12 Jules Joffrin
0%
7 | 10 Jussieu
0%
6 Kléber
0%
7 La Courneuve - 8 Mai 1945
0%
11 La Dhuys
0%
12 Lamarck - Caulaincourt
0%
9 La Muette
0%
5 Laumière
0%
8 Ledru-Rollin
0%
7 Le Kremlin-Bicêtre
0%
7 Le Peletier
0%
13 Les Agnettes
0%
13 Les Courtilles
0%
7 Les Gobelins
0%
14 L'Haÿ-les-Roses
0%
8 Liberté
0%
12 Mairie d'Aubervilliers
0%
9 Mairie de Montreuil
0%
4 Mairie de Montrouge
0%
13 | 14 Mairie de Saint-Ouen
0%
11 Mairie des Lilas
0%
7 Mairie d'Ivry
0%
7 | 14 Maison Blanche
0%
8 Maisons-Alfort - Les Juilliottes
0%
8 Maisons-Alfort - Stade
0%
13 Malakoff - Plateau de Vanves
0%
13 Malakoff - Rue Étienne Dolet
0%
9 Maraîchers
0%
4 Marcadet - Poisooniers
0%
12 Marcadet - Poissonniers
0%
9 Marcel Sembat
0%
12 Marie d'Issy
0%
12 Marx Dormoy
0%
2 Ménilmontant
0%
9 MIchel-Ange - Auteuil
0%
10 Michel-Ange - Auteuil
0%
9 | 10 Michel-Ange - Molitor
0%
8 Michel Bizot
0%
10 Mirabeau
0%
9 | 13 Miromesnil
0%
2 Monceau
0%
8 Montgallet
0%
11 Montreuil - Hôpital
0%
4 Mouton-Duvernet
0%
6 Nationale
0%
5 | 9 Oberkampf
0%
14 Olympiades
0%
5 Ourcq
0%
1 | 7 Palais Royal - Musée du Louvre
0%
3bis Palleport
0%
3 Parmentier
0%
6 | 12 Pasteur
0%
3 Pererie
0%
13 Pernety
0%
2 Philippe Auguste
0%
6 Picpus
0%
7 Pierre et Marie Curie
0%
13 Place de Clicy
0%
11 | 7bis Place des Fêtes
0%
7 Place Monge
0%
13 Plaisance
0%
8 Pointe de Lac
0%
7 Poissonnière
0%
14 Pont Cardinet
0%
3 Pont de Levallois - Bécon
0%
1 Pont de Neuilly
0%
9 Pont de Sèvres
0%
4 Port d'Orléans
0%
10 Porte d'Auteuil
0%
3 Porte de Bagnolet
0%
8 Porte de Charenton
0%
7 Porte de Choisy
0%
13 | 14 Porte de Clichy
0%
12 Porte de la Chapelle
0%
7 Porte de la Villette
0%
9 Porte de Montreuil
0%
9 Porte de Saint-Cloud
0%
13 Porte de Saint-Ouen
0%
11 | 3bis Porte des Lilas
0%
13 Porte de Vanves
0%
12 Porte de Versailles
0%
1 Porte de Vincennes
0%
7 Porte d'Italie
0%
7 Porte d'Ivry
0%
8 Porte Dorée
0%
7bis Pré Saint-Gervais
0%
7 | 14 Pyramides
0%
11 Pyrénées
0%
6 Quai de la Gare
0%
5 Quai de la Rapée
0%
11 Rambuteau
0%
9 Ranelagh
0%
4 | 6 Raspail
0%
3 | 4 Réaumur - Sébastopol
0%
8 Reuilly - Diderot
0%
1 Reully - Diderot
0%
5 Richard-Lenoir
0%
9 Robespierre
0%
11 Romainville - Carnot
0%
11 Rosny-Bois-Perrier
0%
9 Rue des Boulets
0%
12 Rue du Bac
0%
3 Rue Saint-Maur
0%
9 Saint-Ambroise
0%
9 Saint-Augustin
0%
14 Saint-Denis - Pleyel
0%
13 Saint-Denis - Porte de Paris
0%
13 Saint-Denis - Université
0%
3bis Saint-Fargeau
0%
13 Saint-François-Xavier
0%
12 Saint-Geroges
0%
6 Saint-Jacques
0%
1 Saint-Mandé
0%
5 Saint-Marcel
0%
14 Saint-Ouen
0%
1 Saint-Paul
0%
9 Saint-Philippe-du-Roule
0%
4 Saint-Placide
0%
8 Saint-Sébastien - Froissart
0%
4 Saint-Sulpice
0%
4 Satrasbourg - Saint-Denis
0%
10 Ségur
0%
3 Sentier
0%
11 Serge Gainsbourg
0%
6 Sèvres - Lecourbe
0%
4 Simplon
0%
12 Solférino
0%
8 | 9 Starsbourg - Saint-Denis
0%
7 Sully - Morland
0%
11 Télégraphe
0%
14 Thiais - Orly
0%
7 Tolbiac
0%
12 Trinité - d'Estienne d'Orves
0%
10 Vaneau
0%
13 Varenne
0%
12 Vaugirard
0%
4 Vavin
0%
14 Villejuif - Gustave Roussy
0%
7 Villejuif - Léo Lagrange
0%
7 Villejuif - Louis Aragon
0%
7 Villejuif - Paul Vaillant-Couturier
0%
12 Volontaires
0%
9 Voltaire
0%
Nessun quiz corrispondente trovato
Distribuzione punteggi
Percentuale di utenti per punteggio
Percentile per numero di risposta
I tuoi punteggi nel tempo
Non hai fatto questo quiz